The Hunger Games - Numbers - Statistics

General Stats
  • This quiz has been taken 163 times
  • The average score is 11 of 12
Answer Stats
Question Answer % Correct
How many districts are there? 12
100%
Every __ years there is a quarter quell. 25
98%
How many tributes survived the 75th Hunger Games? 6
98%
Which district focuses on Lumber? 7
97%
How many squirrels did Gale have to trade for bread? (book 1) 1
94%
How many tributes were killed in the first 12 hours? 11
94%
How old is Gale at the beginning of the trilogy? 18
90%
From how many districts do we know the names of both tributes during the 74th games? 4
82%
Which games did Finnick Odair win? 65
82%
How many times is the quote "Real or not real" said in hunger games? 3
80%
How old is President Snow in the 74th Hunger Games? 82
77%
How old was Mags during the 75th games? 80
74%
No matching quizzes found
Score Distribution
Percent of People with Each Score
Percentile by Number Answered
Your Score History
You have not taken this quiz